LOS 25 PUEBLOS CON MAS HABITANTES DE MURCIA - Estadísticas

Estadísticas generales
  • Esta prueba ha sido intentada 93 veces
  • La puntuación promedio es 15 de 25
Estadísticas de respuestas
Puesto Respuesta Población % Correcto
Murcia 469 177
100%
Cartagena 218 050
99%
Lorca 98 447
99%
Alcantarilla 43 049
82%
Águilas 36 862
75%
11° Mazarrón 34 462
75%
Yecla 35 521
75%
10° San Javier 35 241
73%
15° Caravaca de la Cruz 25 756
67%
Cieza 35 286
67%
14° Jumilla 26 784
66%
Molina de Segura 76 074
66%
22° Mula 17 382
66%
13° San Pedro del Pinatar 27 691
63%
12° Totana 33 149
61%
16° Alhama de Murcia 23 280
57%
Torre-Pacheco 39 037
49%
18° La Unión 20 897
46%
20° Los Alcázares 18 598
46%
23° Puerto Lumbreras 17 346
43%
19° Archena 20 110
40%
25° Cehegín 14 485
39%
24° Santomera 16 245
37%
21° Fuente Álamo 18 063
30%
17° Las Torres de Cotillas 22 183
28%
No se encontraron pruebas coincidentes
Distribución de puntuación
Porcentaje de gente con cada puntuación
Porcentaje por número respondido
Historial de tus puntuaciones
No has intentado esta prueba.